01088nam a22002297a 4500001001300000003000900013005001700022008004100039040005400080041000800134072002700142110004900169111018100218245033800399260003400737300001100771650001200782650001600794650001500810650001600825650001700841BR2023000996BR-BrBNA20230824170408.0230824b bl.||||| |||| 00| 0 por d aBR-BrBNAbporcBiblioteca Nacional de Agricultura aeng aF01 ; F03b3575 ; 1300 aEmbrapa Hortaliça, Brasília, DF (Brazil) d1-5 Jul 2012cBrasília, DF (Brazil)a6. International Symposium on Seed, Transplant and Stand Establishment of Horticultural Crops: Sowing the Future of Tropical Horticulture a6. Simpósio internacional sobre transplante de sementes e estabelecimento de plântulas e hortaliças: semear o futuro da horticultura tropical - programa e resumos = 6. International Symposium on seed, transplant and stand establishment of horticultural crops: sowing the future of tropical horticulture - programme & abstracts  aBrasília, DF (Brazil)c2012 a150 p. aSEMENTE aTRANSPLANTE aPLÂNTULA aHORTALIÇA aHORTICULTURA